Best-Selling Nintendo Games per Console - Statistics

General Stats
  • This quiz has been taken 42 times
  • The average score is 16 of 35
Answer Stats
Rank Game % Correct
1 Super Mario Bros.
97%
1 Mario Kart 8
74%
1 Mario Kart 8 Deluxe
74%
1 Wii Sports
74%
4 The Legend of Zelda: Breath of the Wild
71%
1 Super Mario 64
65%
2 Mario Kart Wii
61%
1 Super Mario World
61%
4 The Legend of Zelda: Ocarina of Time
61%
5 Super Smash Bros.
58%
1 Super Smash Bros. Melee
55%
3 Super Mario Sunshine
52%
3 Super Smash Bros. Ultimate
52%
2 Animal Crossing: New Horizons
48%
3 Goldeneye 007
48%
2 Mario Kart: Double Dash!!
45%
4 Super Mario Kart
45%
3 Wii Sports Resort
45%
5 Super Mario Odyssey
42%
4 The Legend of Zelda: The Wind Waker
42%
2 Mario Kart 64
39%
3 Super Mario Bros. 3
39%
2 Duck Hunt
32%
4 New Super Mario Bros. Wii
32%
2 Super Mario 3D World
32%
4 Tetris
32%
5 Wii Play
32%
5 Luigi's Mansion
29%
5 Super Mario Bros. 2
29%
3 Donkey Kong Country
26%
3 New Super Mario Bros. U
23%
4 Super Smash Bros. for Wii U
23%
5 Nintendo Land
16%
5 Street Fighter 2: World Warrior
10%
2 Super Mario All-Stars
6%
No matching quizzes found
Score Distribution
Percent of People with Each Score
Percentile by Number Answered
Your Score History
You have not taken this quiz